000 00351nam a2200145Ia 4500
008 230917s9999||||xx |||||||||||||| ||und||
040 _e54546
_aMAIN
041 _aEnglish
082 _a785.0661 A39C
100 _aAshwini Kumar
245 0 _aCasual symphony
260 _aNew Delhi
_bKalyani Publishers
_c1977
300 _ax, 133 p.
942 _cBK
999 _c158894
_d158894